| 000 | 00513nam a2200181Ia 4500 | ||
|---|---|---|---|
| 001 | 14659 | ||
| 005 | 20260306164930.0 | ||
| 008 | 260306t2010||||xx |||||||||||||| ||spa|| | ||
| 041 | _aESP | ||
| 082 |
_a515.43 _bM36 |
||
| 100 |
_aMedina Daza, Rubén Javier _eAUT |
||
| 245 | 0 | _aCálculo integral con aplicación en la descomposición de una imagen usando la transformada Wavelet de Haar | |
| 260 | _c2010 | ||
| 300 |
_a352 páginas : _c24 cm. |
||
| 650 | _aGEN | ||
| 654 | _aCMA | ||
| 942 |
_cLIB _dJUS _fJUS _2ddc _n |
||
| 999 |
_c14659 _d14659 |
||